[Event "Back To School op"]
[Site "Edmonton CAN"]
[Date "2002.09.12"]
[Round "2"]
[White "Hughey, Micah"]
[Black "Wihnon, Jason"]
[Result "1-0"]
[WhiteElo "1972"]
[BlackElo "1825"]
[PlyCount "89"]
[EventDate "2002.09.05"]
[EventType "swiss"]
[EventRounds "4"]
[EventCountry "CAN"]

1. d4 Nf6 2. c4 g6 3. Nc3 d5 4. cxd5 Nxd5 5. Na4 e5 6. dxe5 Bb4+ 7. Bd2 Ne3 8.
fxe3 Bxd2+ 9. Qxd2 Qh4+ 10. g3 Qxa4 11. Qd4 Qd7 12. e6 Qxd4 13. exf7+ Kxf7 14.
exd4 Be6 15. Bg2 c6 16. Nf3 Nd7 17. Ng5+ Ke7 18. Nxe6 Kxe6 19. O-O-O Nf6 20. e4
Rad8 21. Rhf1 Rhf8 22. Kc2 Kd7 23. Rd3 Ke7 24. Kc3 Ng4 25. Rf4 Rxf4 26. gxf4
Rf8 27. Rf3 Nf6 28. Kd3 Nh5 29. Ke3 Nf6 30. Rh3 Rf7 31. Bf3 Ke6 32. Rg3 Ke7 33.
h4 Rg7 34. f5 Kf7 35. e5 Nd5+ 36. Bxd5+ cxd5 37. Kf4 Rg8 38. h5 b5 39. hxg6+
hxg6 40. e6+ Kf6 41. Rxg6+ Rxg6 42. fxg6 Kxe6 43. Kg5 Ke7 44. Kh6 Kf8 45. Kh7
1-0

[Event "Back To School op"]
[Site "Edmonton CAN"]
[Date "2002.09.19"]
[Round "3"]
[White "Hughey, Micah"]
[Black "Gardner, Robert"]
[Result "0-1"]
[WhiteElo "1972"]
[BlackElo "2236"]
[PlyCount "114"]
[EventDate "2002.09.05"]
[EventType "swiss"]
[EventRounds "4"]
[EventCountry "CAN"]

1. e4 c5 2. Nf3 d6 3. d4 cxd4 4. Qxd4 Nc6 5. Bb5 Bd7 6. Bxc6 Bxc6 7. Nc3 Nf6 8.
Bg5 e6 9. O-O-O Be7 10. Rhe1 O-O 11. Kb1 Qc7 12. Qd3 Rfd8 13. Nd4 Nxe4 14. Bxe7
Nxc3+ 15. Qxc3 Qxe7 16. Nxc6 bxc6 17. Qxc6 Rac8 18. Qe4 Qc7 19. Re3 d5 20. Qd3
e5 21. Qb3 d4 22. Red3 Rd6 23. c3 Rb6 24. Qc2 g6 25. Ka1 Rc6 26. Rc1 Rc4 27.
Qd2 Qc5 28. f3 a5 29. Re1 a4 30. Kb1 a3 31. cxd4 exd4 32. Rxa3 Rc2 33. Qd1 Rxg2
34. Rh1 Re8 35. h4 Ree2 36. Rb3 h5 37. a4 Kg7 38. Qd3 Re3 39. Rb5 Rxd3 40. Rxc5
Rxf3 41. a5 Rb3 42. Rc2 Rg4 43. Rc4 Rb5 44. Ra4 d3 45. Ra3 Rd4 46. Rd1 Rd7 47.
a6 Ra7 48. Rdxd3 Rb6 49. Kc2 Rbxa6 50. Rxa6 Rxa6 51. b4 f6 52. Rb3 g5 53. b5
Rb6 54. hxg5 fxg5 55. Kd3 Kg6 56. Kc4 h4 57. Ra3 Rb8 0-1

[Event "Battle of Alberta"]
[Site "Red Deer CAN"]
[Date "2002.08.10"]
[Round "1"]
[White "Anderson, Ashton"]
[Black "Tinio, Allen"]
[Result "0-1"]
[WhiteElo "1939"]
[BlackElo "1944"]
[PlyCount "60"]
[EventDate "2002.08.10"]
[EventType "team"]
[EventRounds "2"]
[EventCountry "CAN"]
[SourceDate "2003.08.17"]

1. e4 d6 2. d4 Nf6 3. Nc3 g6 4. Be3 Bg7 5. Qd2 c6 6. f3 b5 7. g4 h5 8. g5 Nfd7
9. O-O-O Nb6 10. f4 b4 11. Nb1 a5 12. Qf2 d5 13. Bd3 dxe4 14. Bxe4 e6 15. Nf3
O-O 16. Ne5 Qe8 17. d5 Nxd5 18. Bc5 Na6 19. Bxf8 Bxf8 20. Nd3 c5 21. Nd2 Qa4
22. Kb1 Rb8 23. Bxd5 exd5 24. Nc1 Bf5 25. Ncb3 c4 26. Nd4 Bc5 27. Rde1 b3 28.
Re2 bxc2+ 29. Ka1 c3 30. b3 cxd2 0-1

[Event "Battle of Alberta"]
[Site "Red Deer CAN"]
[Date "2002.08.10"]
[Round "1"]
[White "Boehmer, Kris"]
[Black "Ottosen, David"]
[Result "1-0"]
[WhiteElo "2101"]
[BlackElo "2062"]
[PlyCount "75"]
[EventDate "2002.08.10"]
[EventType "team"]
[EventRounds "2"]
[EventCountry "CAN"]
[SourceDate "2003.08.17"]

1. c4 b6 2. Nc3 Bb7 3. e4 e6 4. Nf3 Bb4 5. Bd3 d5 6. Qa4+ Nc6 7. cxd5 Bxc3 8.
Bb5 Bf6 9. Bxc6+ Bxc6 10. Qxc6+ Kf8 11. dxe6 Ne7 12. Qc2 Ng6 13. O-O fxe6 14.
d4 Rc8 15. Be3 Nh4 16. Nxh4 Bxh4 17. f4 Bf6 18. e5 Be7 19. f5 Qd5 20. fxe6+ Ke8
21. Qf5 Rf8 22. Qh5+ g6 23. Rxf8+ Bxf8 24. Qxh7 Qxe6 25. Rf1 Be7 26. b3 c5 27.
d5 Qxe5 28. Qxg6+ Kd7 29. Qg4+ Kd8 30. Qg8+ Kd7 31. Qg4+ Kd8 32. Bf4 Qd4+ 33.
Kh1 Bf6 34. Qg8+ Kd7 35. Qe6+ Kd8 36. Bg5 Bxg5 37. Rf8+ Kc7 38. Qc6+ 1-0

[Event "Battle of Alberta"]
[Site "Red Deer CAN"]
[Date "2002.08.10"]
[Round "1"]
[White "Clark, Alan"]
[Black "Mitrovic, Sinisa"]
[Result "0-1"]
[WhiteElo "2067"]
[BlackElo "2151"]
[PlyCount "106"]
[EventDate "2002.08.10"]
[EventType "team"]
[EventRounds "2"]
[EventCountry "CAN"]
[SourceDate "2003.08.17"]

1. e4 e5 2. Bc4 Nf6 3. d4 exd4 4. Nf3 Nxe4 5. Qxd4 Nc5 6. O-O Ne6 7. Re1 Nc6 8.
Qg4 d5 9. Bb3 Ne7 10. Nc3 c6 11. Ng5 h6 12. Nf3 Ng5 13. Qf4 Nxf3+ 14. Qxf3 Be6
15. Bf4 Ng6 16. Bg3 Bd6 17. Qf5 Ne7 18. Qh5 Qd7 19. Bxd6 Qxd6 20. Rad1 O-O 21.
Rd3 Rfe8 22. Rde3 Ng6 23. Qf3 Bd7 24. Rxe8+ Rxe8 25. Rxe8+ Bxe8 26. h3 Qe5 27.
g3 Bd7 28. Kh2 Bf5 29. Qe2 d4 30. f4 Qe7 31. Qxe7 Nxe7 32. Ne2 d3 33. cxd3 Bxd3
34. Nc3 Nf5 35. Kg2 Kf8 36. Kf2 Ke7 37. g4 Nd6 38. Bd1 Ne4+ 39. Nxe4 Bxe4 40.
Ke3 Bd5 41. b3 g5 42. Be2 f6 43. Bf1 Ke6 44. fxg5 fxg5 45. Kd3 Ke5 46. Ke3 c5
47. Be2 a6 48. Bf1 b5 49. Be2 Bc6 50. Bf1 a5 51. Be2 b4 52. Bc4 Bg2 53. Kf2 Be4
0-1

[Event "Battle of Alberta"]
[Site "Red Deer CAN"]
[Date "2002.08.10"]
[Round "1"]
[White "Haessel, Dale"]
[Black "Reeve, Jeff"]
[Result "0-1"]
[WhiteElo "2267"]
[BlackElo "2330"]
[PlyCount "104"]
[EventDate "2002.08.10"]
[EventType "team"]
[EventRounds "2"]
[EventCountry "CAN"]
[SourceDate "2003.08.17"]

1. c4 e5 2. Nc3 Nf6 3. g3 d5 4. cxd5 Nxd5 5. Bg2 Nb6 6. Nf3 Nc6 7. a3 Be7 8. b4
Be6 9. d3 O-O 10. Bb2 f6 11. O-O Rf7 12. Ne4 Bd5 13. Nc5 Bxc5 14. bxc5 Nc8 15.
Qa4 b5 16. cxb6 Nxb6 17. Qc2 Qd7 18. e4 Be6 19. Rac1 Nd4 20. Nxd4 exd4 21. f4
Qb5 22. Bxd4 Rd8 23. Bf2 Rxd3 24. Rfd1 Rxd1+ 25. Rxd1 Rd7 26. Bf1 Rxd1 27. Qxd1
Qd7 28. Qxd7 Bxd7 29. Bc5 Kf7 30. Kf2 Bc6 31. Ke3 g6 32. Bd3 g5 33. Bc2 gxf4+
34. gxf4 a6 35. Bb3+ Kg6 36. Be7 f5 37. Bc2 Kf7 38. Bc5 a5 39. exf5 Nd5+ 40.
Kd4 Nb6 41. Bxb6 cxb6 42. Ke5 b5 43. Bb3+ Ke7 44. f6+ Kf8 45. Kd6 Be4 46. Kc5
Bd3 47. Kb6 a4 48. Bd5 Bc4 49. Bc6 b4 50. Kc5 bxa3 51. Kxc4 a2 52. Bxa4 a1=Q
0-1

[Event "Battle of Alberta"]
[Site "Red Deer CAN"]
[Date "2002.08.10"]
[Round "1"]
[White "Haynes, Nicolas"]
[Black "Dinca, Cornelia"]
[Result "1-0"]
[WhiteElo "1934"]
[BlackElo "1680"]
[PlyCount "45"]
[EventDate "2002.08.10"]
[EventType "team"]
[EventRounds "2"]
[EventCountry "CAN"]
[SourceDate "2003.08.17"]

1. d4 Nf6 2. c4 e6 3. g3 Bb4+ 4. Bd2 Bxd2+ 5. Qxd2 O-O 6. Bg2 d5 7. Nf3 Nbd7 8.
O-O c5 9. Na3 Qe7 10. Ne5 Nb6 11. Rfd1 dxc4 12. Naxc4 Nxc4 13. Nxc4 Rd8 14. Qc3
cxd4 15. Rxd4 Rb8 16. Rad1 Rxd4 17. Qxd4 Qd7 18. Nd6 b6 19. e4 Ne8 20. e5 Ba6
21. Rc1 Nc7 22. Bc6 Qe7 23. b4 1-0

[Event "Battle of Alberta"]
[Site "Red Deer CAN"]
[Date "2002.08.10"]
[Round "1"]
[White "Huber, Greg"]
[Black "Gardner, Robert"]
[Result "1-0"]
[WhiteElo "2290"]
[BlackElo "2249"]
[PlyCount "103"]
[EventDate "2002.08.10"]
[EventType "team"]
[EventRounds "2"]
[EventCountry "CAN"]
[SourceDate "2003.08.17"]

1. e4 c5 2. Nf3 d6 3. d4 cxd4 4. Nxd4 Nf6 5. Nc3 Nc6 6. Bc4 Qb6 7. Nb3 e6 8.
Bf4 Ne5 9. Be2 Bd7 10. Qd2 Be7 11. f3 a6 12. g4 Bc6 13. g5 Nfd7 14. Be3 Qc7 15.
f4 Ng6 16. h4 h6 17. O-O-O hxg5 18. hxg5 Rxh1 19. Rxh1 O-O-O 20. Nd4 Nc5 21.
Nxc6 Qxc6 22. Bf3 f5 23. gxf6 Bxf6 24. Rh3 e5 25. f5 Ne7 26. Kb1 b5 27. a3 Kd7
28. b4 Nb7 29. Bh5 Rc8 30. Bf2 Qc4 31. Be2 Qc6 32. a4 bxa4 33. b5 Qc7 34. b6
Qd8 35. Bxa6 Rb8 36. Bb5+ Kc8 37. Nd5 Nc5 38. Bxc5 dxc5 39. Ba6+ Kd7 40. Nxf6+
Kc6 41. Qxd8 Rxd8 42. Nd5 Nxd5 43. exd5+ Kxb6 44. Bc4 Ka5 45. c3 Rf8 46. Rf3
Rf6 47. Rf2 g6 48. Bd3 gxf5 49. Rxf5 Rxf5 50. Bxf5 Kb6 51. c4 Kc7 52. Ka2 1-0

[Event "Battle of Alberta"]
[Site "Red Deer CAN"]
[Date "2002.08.10"]
[Round "1"]
[White "Hughey, Micah"]
[Black "Hinds, Ronald"]
[Result "1/2-1/2"]
[WhiteElo "2059"]
[BlackElo "2087"]
[PlyCount "48"]
[EventDate "2002.08.10"]
[EventType "team"]
[EventRounds "2"]
[EventCountry "CAN"]
[SourceDate "2003.08.17"]

1. e4 c5 2. Nf3 e6 3. c3 d5 4. exd5 Qxd5 5. d4 Nf6 6. Be3 cxd4 7. cxd4 Bb4+ 8.
Nc3 Qa5 9. Qb3 O-O 10. Bd3 Nc6 11. O-O a6 12. Rac1 h6 13. Ne5 Nxe5 14. dxe5
Bxc3 15. Qxc3 Qxc3 16. bxc3 Nd5 17. Bc5 Re8 18. Be4 Bd7 19. c4 Nf4 20. Rb1 Ne2+
21. Kh1 Nc3 22. Bxb7 Nxb1 23. Bxa8 Rxa8 24. Rxb1 Rc8 1/2-1/2

[Event "Battle of Alberta"]
[Site "Red Deer CAN"]
[Date "2002.08.10"]
[Round "1"]
[White "Karmali, Hafiz"]
[Black "Tam, Eric"]
[Result "0-1"]
[WhiteElo "1979"]
[BlackElo "1962"]
[PlyCount "64"]
[EventDate "2002.08.10"]
[EventType "team"]
[EventRounds "2"]
[EventCountry "CAN"]
[SourceDate "2003.08.17"]

1. d4 Nf6 2. c4 e6 3. Nc3 Bb4 4. e3 O-O 5. Nf3 Ne4 6. Qc2 d5 7. Bd3 f5 8. O-O
b6 9. Ne2 Ba6 10. a3 Bd6 11. b4 c6 12. Bb2 Nd7 13. Ne5 Bxe5 14. dxe5 Qb8 15. f3
Ng5 16. f4 Ne4 17. Nd4 Qe8 18. Nxc6 Bxc4 19. Bxc4 dxc4 20. Rfd1 Ndc5 21. bxc5
Qxc6 22. Qxc4 bxc5 23. a4 Rfd8 24. Ba3 Rd7 25. Rac1 Rad8 26. Rd6 Rxd6 27. exd6
Qxd6 28. g4 Qd2 29. Bxc5 Qf2+ 30. Kh1 Qf3+ 31. Kg1 Qxg4+ 32. Kf1 Nd2+ 0-1

[Event "Battle of Alberta"]
[Site "Red Deer CAN"]
[Date "2002.08.10"]
[Round "1"]
[White "Thimm, Harald"]
[Black "Baunok, Zoltan"]
[Result "0-1"]
[WhiteElo "1911"]
[BlackElo "2050"]
[PlyCount "76"]
[EventDate "2002.08.10"]
[EventType "team"]
[EventRounds "2"]
[EventCountry "CAN"]
[SourceDate "2003.08.17"]

1. d4 Nf6 2. Nf3 g6 3. c4 Bg7 4. Nc3 d5 5. Bg5 Ne4 6. cxd5 Nxg5 7. Nxg5 c6 8.
dxc6 Nxc6 9. e3 e5 10. Nf3 exd4 11. exd4 O-O 12. Be2 Nxd4 13. Nxd4 Bxd4 14. O-O
Be6 15. Bf3 Qf6 16. Nd5 Bxd5 17. Bxd5 Bxb2 18. Rb1 Rad8 19. Qb3 b6 20. Bxf7+
Rxf7 21. Rxb2 Rd3 22. Qxd3 Qxb2 23. Qa6 h5 24. Qc8+ Kg7 25. Qe6 a5 26. f3 Rc7
27. Re1 Qd4+ 28. Kf1 Qc4+ 29. Qxc4 Rxc4 30. Rb1 Rc2 31. Rxb6 Rxa2 32. Ra6 h4
33. g3 h3 34. f4 a4 35. g4 a3 36. g5 Ra1+ 37. Kf2 a2 38. Ra7+ Kf8 0-1

[Event "Battle of Alberta"]
[Site "Red Deer CAN"]
[Date "2002.08.10"]
[Round "1"]
[White "Tot, Nandor"]
[Black "Willis, Bradley"]
[Result "1/2-1/2"]
[WhiteElo "2186"]
[BlackElo "2068"]
[PlyCount "77"]
[EventDate "2002.08.10"]
[EventType "team"]
[EventRounds "2"]
[EventCountry "CAN"]
[SourceDate "2003.08.17"]

1. d4 f5 2. Nf3 Nf6 3. g3 e6 4. Bg2 Be7 5. O-O O-O 6. e3 a5 7. a4 d6 8. Na3 Qe8
9. b3 Nc6 10. Nb5 Bd8 11. Ba3 Qh5 12. Nd2 Qxd1 13. Raxd1 Re8 14. e4 e5 15. dxe5
Nxe5 16. exf5 Bxf5 17. Nd4 Bc8 18. Rfe1 Rb8 19. f4 Nf7 20. Rxe8+ Nxe8 21. Re1
Bd7 22. Bh3 Bf6 23. Bxd7 Bxd4+ 24. Kg2 Nf6 25. Bf5 Re8 26. Rxe8+ Nxe8 27. Kf3
Nf6 28. Nc4 Bc3 29. g4 g6 30. Be6 Kf8 31. g5 Ne8 32. Ne3 c6 33. Nc4 Bb4 34.
Bxb4 axb4 35. Bxf7 Kxf7 36. Na5 Ke7 37. Ke4 d5+ 38. Ke5 Nd6 39. Kd4 1/2-1/2

[Event "Battle of Alberta"]
[Site "Red Deer CAN"]
[Date "2002.08.10"]
[Round "1"]
[White "Van Ieperen, Taco"]
[Black "Tassone, Adam"]
[Result "1-0"]
[WhiteElo "2002"]
[BlackElo "1798"]
[PlyCount "53"]
[EventDate "2002.08.10"]
[EventType "team"]
[EventRounds "2"]
[EventCountry "CAN"]
[SourceDate "2003.08.17"]

1. e4 c5 2. Nf3 Nc6 3. d4 cxd4 4. Nxd4 Nf6 5. Nc3 e5 6. Nf3 Bb4 7. Bg5 Qa5 8.
Bd3 Bxc3+ 9. bxc3 Qxc3+ 10. Bd2 Qc5 11. O-O O-O 12. c4 Qe7 13. Bc3 d6 14. Nd2
Ng4 15. h3 Nh6 16. g4 Qh4 17. Kg2 Nxg4 18. hxg4 Bxg4 19. Rh1 Qg5 20. f3 Be6+
21. Kf2 f5 22. Qg1 Qf6 23. exf5 Bxf5 24. Ne4 Bxe4 25. Bxe4 h6 26. Qg4 Qf4 27.
Qg6 1-0

[Event "Battle of Alberta"]
[Site "Red Deer CAN"]
[Date "2002.08.10"]
[Round "1"]
[White "Wong, Ford"]
[Black "Nguyen, Kim David"]
[Result "1-0"]
[WhiteElo "2020"]
[BlackElo "2008"]
[PlyCount "115"]
[EventDate "2002.08.10"]
[EventType "team"]
[EventRounds "2"]
[EventCountry "CAN"]
[SourceDate "2003.08.17"]

1. d4 Nf6 2. c4 g6 3. Nc3 Bg7 4. e4 d6 5. f3 O-O 6. Be3 c6 7. Bd3 Nbd7 8. Qd2
a6 9. Nge2 b5 10. Bh6 e5 11. d5 bxc4 12. Bxc4 Nb6 13. Bb3 cxd5 14. Bxg7 Kxg7
15. Nxd5 Nfxd5 16. Bxd5 Nxd5 17. Qxd5 Be6 18. Qd2 Qb6 19. b3 a5 20. Nc3 Rac8
21. Na4 Qa7 22. Ke2 Qa6+ 23. Kf2 Qa7+ 24. Kg3 f5 25. exf5 gxf5 26. h3 Rg8 27.
Rae1 Kf6+ 28. Kh2 Qg7 29. g4 Qg5 30. Re2 h5 31. f4 Qxf4+ 32. Qxf4 exf4 33. gxh5
f3 34. Rd2 Rc6 35. Rg1 Rxg1 36. Kxg1 Ke5 37. Kf2 Bd5 38. Nb2 Be4 39. Nc4+ Ke6
40. Nxa5 Rc7 41. b4 Ke5 42. b5 Kf4 43. h6 Ra7 44. Nc6 Rd7 45. a4 Kg5 46. Ne5
Rc7 47. Nxf3+ Kf4 48. Nd4 Ra7 49. Ne6+ Ke5 50. Nd8 Rd7 51. Nc6+ Kf6 52. h4 Ke6
53. a5 Rc7 54. a6 Bxc6 55. bxc6 Rxc6 56. h7 Rc8 57. a7 Rd8 58. Ra2 1-0

[Event "Battle of Alberta"]
[Site "Red Deer CAN"]
[Date "2002.08.10"]
[Round "2"]
[White "Baunok, Zoltan"]
[Black "Thimm, Harald"]
[Result "1-0"]
[WhiteElo "2050"]
[BlackElo "1911"]
[PlyCount "27"]
[EventDate "2002.08.10"]
[EventType "team"]
[EventRounds "2"]
[EventCountry "CAN"]
[SourceDate "2003.08.17"]

1. e4 c6 2. d4 d5 3. e5 Bf5 4. Nc3 Nd7 5. g4 Bg6 6. h4 e6 7. h5 Be4 8. f3 Bxf3
9. Nxf3 Rc8 10. Be3 Qa5 11. a3 c5 12. dxc5 Nh6 13. b4 Qd8 14. Nb5 1-0

[Event "Battle of Alberta"]
[Site "Red Deer CAN"]
[Date "2002.08.10"]
[Round "2"]
[White "Dinca, Cornelia"]
[Black "Haynes, Nicolas"]
[Result "0-1"]
[WhiteElo "1680"]
[BlackElo "1934"]
[PlyCount "58"]
[EventDate "2002.08.10"]
[EventType "team"]
[EventRounds "2"]
[EventCountry "CAN"]
[SourceDate "2003.08.17"]

1. e4 e6 2. d4 b6 3. Nf3 Bb7 4. Bd3 d6 5. Bf4 Nd7 6. Nbd2 g6 7. O-O Bg7 8. Re1
Ne7 9. Nf1 e5 10. dxe5 dxe5 11. Be3 Nc6 12. c3 Qe7 13. Ng3 Nc5 14. Bf1 Rd8 15.
Qc1 Ne6 16. Ng5 Nf4 17. h4 h6 18. Nf3 Ne6 19. h5 a6 20. Nh2 Bc8 21. hxg6 fxg6
22. Be2 Nc5 23. Rd1 b5 24. Rxd8+ Nxd8 25. Qd2 Bb7 26. Bf3 Nde6 27. Ng4 h5 28.
Nh2 O-O 29. Qc2 Ng5 0-1

[Event "Battle of Alberta"]
[Site "Red Deer CAN"]
[Date "2002.08.10"]
[Round "2"]
[White "Gardner, Robert"]
[Black "Huber, Greg"]
[Result "1-0"]
[WhiteElo "2290"]
[BlackElo "2249"]
[PlyCount "35"]
[EventDate "2002.08.10"]
[EventType "team"]
[EventRounds "2"]
[EventCountry "CAN"]
[SourceDate "2003.08.17"]

1. e4 c5 2. Nf3 e6 3. d4 cxd4 4. Nxd4 a6 5. Bd3 g6 6. c4 Bg7 7. Nb3 Ne7 8. Nc3
O-O 9. O-O Nbc6 10. Be3 d5 11. cxd5 exd5 12. Na4 d4 13. Bg5 b6 14. f4 f6 15.
Bh4 Bd7 16. Bf2 Kh8 17. f5 gxf5 18. Nxd4 1-0

[Event "Battle of Alberta"]
[Site "Red Deer CAN"]
[Date "2002.08.10"]
[Round "2"]
[White "Hinds, Ronald"]
[Black "Hughey, Micah"]
[Result "1/2-1/2"]
[WhiteElo "2087"]
[BlackElo "2059"]
[PlyCount "50"]
[EventDate "2002.08.10"]
[EventType "team"]
[EventRounds "2"]
[EventCountry "CAN"]
[SourceDate "2003.08.17"]

1. e4 e5 2. Nf3 Nc6 3. d4 exd4 4. Nxd4 Nf6 5. Nxc6 bxc6 6. e5 Qe7 7. Qe2 Nd5 8.
c4 Ba6 9. b3 O-O-O 10. g3 f6 11. Bb2 Re8 12. Nd2 fxe5 13. O-O-O Nf6 14. Bg2 Qf7
15. Qe3 Kb8 16. Ne4 Nxe4 17. Bxe4 Bb7 18. Qd3 d6 19. Rhf1 Qh5 20. Kb1 Be7 21.
Qd2 Rhf8 22. h4 Rd8 23. Qb4 Ka8 24. Qa4 d5 25. Bc2 Bd6 1/2-1/2

[Event "Battle of Alberta"]
[Site "Red Deer CAN"]
[Date "2002.08.10"]
[Round "2"]
[White "Mitrovic, Sinisa"]
[Black "Clark, Alan"]
[Result "0-1"]
[WhiteElo "2067"]
[BlackElo "2151"]
[PlyCount "80"]
[EventDate "2002.08.10"]
[EventType "team"]
[EventRounds "2"]
[EventCountry "CAN"]
[SourceDate "2003.08.17"]

1. e4 c5 2. c3 Nf6 3. e5 Nd5 4. d4 cxd4 5. cxd4 d6 6. Nf3 e6 7. Nc3 Nxc3 8.
bxc3 Qc7 9. Bd2 Nc6 10. exd6 Bxd6 11. Bd3 Be7 12. Qe2 O-O 13. h4 h6 14. g4 Bd7
15. g5 h5 16. g6 fxg6 17. Bxg6 e5 18. Ng5 Bg4 19. Qc4+ Kh8 20. d5 Qd6 21. Nf7+
Rxf7 22. Bxf7 Na5 23. Qe4 Qf6 24. Qg6 Qf3 25. O-O Rf8 26. Be6 Bxh4 27. Bxg4
Bxf2+ 28. Kh2 hxg4 29. Rxf2 Qxf2+ 30. Kh1 Qxd2 31. Rg1 Qxd5+ 32. Rg2 Qf3 33.
Qh5+ Kg8 34. Qxe5 Nc6 35. Qe6+ Qf7 36. Qxg4 Ne5 37. Qh3 Qf1+ 38. Kh2 Nf3+ 39.
Kg3 Qe1+ 40. Rf2 Ng5 0-1

[Event "Battle of Alberta"]
[Site "Red Deer CAN"]
[Date "2002.08.10"]
[Round "2"]
[White "Nguyen, Kim David"]
[Black "Wong, Ford"]
[Result "1/2-1/2"]
[WhiteElo "2008"]
[BlackElo "2020"]
[PlyCount "68"]
[EventDate "2002.08.10"]
[EventType "team"]
[EventRounds "2"]
[EventCountry "CAN"]
[SourceDate "2003.08.17"]

1. e4 g6 2. d4 Bg7 3. Nc3 c6 4. Nf3 d5 5. exd5 cxd5 6. Ne5 a6 7. Bd3 Nf6 8. O-O
O-O 9. Ne2 Nc6 10. Nxc6 bxc6 11. c3 Re8 12. h3 Nd7 13. Qa4 Bb7 14. Bg5 c5 15.
f4 Qc7 16. f5 Bc6 17. Qc2 c4 18. fxg6 f6 19. gxh7+ Kh8 20. Bg6 fxg5 21. Bxe8
Rxe8 22. Qg6 Nf8 23. Qxg5 Nxh7 24. Qh5 Bf6 25. Nf4 Rg8 26. Ng6+ Kg7 27. Ne5 Be8
28. Qe2 Ng5 29. Qg4 Kf8 30. Qf5 Ne4 31. Qh7 Rg7 32. Qh8+ Rg8 33. Qh6+ Rg7 34.
Qh8+ Rg8 1/2-1/2

[Event "Battle of Alberta"]
[Site "Red Deer CAN"]
[Date "2002.08.10"]
[Round "2"]
[White "Reeve, Jeff"]
[Black "Haessel, Dale"]
[Result "1-0"]
[WhiteElo "2267"]
[BlackElo "2330"]
[PlyCount "55"]
[EventDate "2002.08.10"]
[EventType "team"]
[EventRounds "2"]
[EventCountry "CAN"]
[SourceDate "2003.08.17"]

1. e4 c5 2. Nc3 d6 3. Nge2 Nf6 4. d3 Nc6 5. h3 d5 6. Nxd5 Nxd5 7. exd5 Qxd5 8.
Nc3 Qe5+ 9. Be3 Bf5 10. Qd2 Nd4 11. O-O-O Rd8 12. g4 Bc8 13. Bg2 c4 14. f4 Qa5
15. Qf2 Nc6 16. dxc4 Rxd1+ 17. Rxd1 e6 18. Bxc6+ bxc6 19. Bxa7 c5 20. Bb8 Be7
21. Bd6 Ba6 22. Qd2 Bf6 23. Nb5 Qxa2 24. Nc7+ Kd7 25. Be5+ Kc6 26. Qd7+ Kb7 27.
Nb5+ Ka8 28. Qa7# 1-0

[Event "Battle of Alberta"]
[Site "Red Deer CAN"]
[Date "2002.08.10"]
[Round "2"]
[White "Tam, Eric"]
[Black "Karmali, Hafiz"]
[Result "0-1"]
[WhiteElo "1962"]
[BlackElo "1979"]
[PlyCount "72"]
[EventDate "2002.08.10"]
[EventType "team"]
[EventRounds "2"]
[EventCountry "CAN"]
[SourceDate "2003.08.17"]

1. e4 e6 2. d4 d5 3. Nd2 Nf6 4. e5 Nfd7 5. Bd3 c5 6. c3 Nc6 7. Ne2 f6 8. exf6
Nxf6 9. Nf3 Bd6 10. O-O O-O 11. Re1 e5 12. dxe5 Nxe5 13. Nxe5 Bxe5 14. Nf4 Qd6
15. g3 Bg4 16. f3 Bd7 17. Ng2 Qc7 18. Ne3 Bxg3 19. hxg3 Qxg3+ 20. Ng2 Bh3 21.
Bf1 Ng4 22. Qxd5+ Kh8 23. fxg4 Qf2+ 24. Kh2 Bxg2 25. Bxg2 Qh4+ 26. Bh3 Qxe1 27.
Qxc5 Rae8 28. Be3 Qxa1 29. Bd4 Qxb2+ 30. Bg2 Qe2 31. Kh3 b6 32. Qg5 Qe7 33. Qh6
Qf7 34. Bd5 Qg6 35. Qh4 Re2 36. Bc4 Rf3+ 0-1

[Event "Battle of Alberta"]
[Site "Red Deer CAN"]
[Date "2002.08.10"]
[Round "2"]
[White "Tassone, Adam"]
[Black "Van Ieperen, Taco"]
[Result "0-1"]
[WhiteElo "1798"]
[BlackElo "2002"]
[PlyCount "70"]
[EventDate "2002.08.10"]
[EventType "team"]
[EventRounds "2"]
[EventCountry "CAN"]
[SourceDate "2003.08.17"]

1. e4 c5 2. Nf3 d6 3. Bb5+ Bd7 4. Bxd7+ Qxd7 5. c4 Nf6 6. Nc3 g6 7. d4 cxd4 8.
Nxd4 Bg7 9. O-O Nc6 10. Be3 Ng4 11. Nxc6 Nxe3 12. fxe3 bxc6 13. Rc1 O-O 14. b3
Qb7 15. Qc2 Qb4 16. Ne2 c5 17. Nf4 a5 18. Nd5 Qb7 19. Rfd1 Be5 20. Qd3 Ra6 21.
Nc3 Kg7 22. Nb5 a4 23. Qd5 Qxd5 24. exd5 axb3 25. axb3 Ra2 26. Rd3 Rfa8 27. Nc3
Bxc3 28. Rdxc3 Re2 29. e4 Raa2 30. Rg3 Rab2 31. h3 Rxe4 32. Ra1 Ree2 33. Ra7 f5
34. Rb7 f4 35. Rg4 f3 0-1

[Event "Battle of Alberta"]
[Site "Red Deer CAN"]
[Date "2002.08.10"]
[Round "2"]
[White "Tinio, Allen"]
[Black "Anderson, Ashton"]
[Result "0-1"]
[WhiteElo "1939"]
[BlackElo "1944"]
[PlyCount "93"]
[EventDate "2002.08.10"]
[EventType "team"]
[EventRounds "2"]
[EventCountry "CAN"]
[SourceDate "2003.08.17"]

1. e4 c5 2. Nf3 Nc6 3. d4 cxd4 4. Nxd4 Nf6 5. Nc3 e5 6. Ndb5 d6 7. Bg5 a6 8.
Na3 b5 9. Bxf6 gxf6 10. Nd5 f5 11. Bxb5 axb5 12. Nxb5 Ra4 13. b4 Rxb4 14. Nbc7+
Kd7 15. Nxb4 Nxb4 16. Nd5 Qa5 17. O-O Nxd5 18. exd5 Be7 19. c4 Bf6 20. Rc1 Qc5
21. Qa4+ Ke7 22. Qb5 Bd7 23. Qxc5 dxc5 24. Rfe1 Ra8 25. Re2 Ra4 26. g3 Bc8 27.
h4 Ba6 28. Rec2 Bg7 29. Rb1 e4 30. Rb6 Bxc4 31. Rb7+ Kf6 32. d6 Ke6 33. d7 Ke7
34. Rd2 Bd4 35. Kh2 Rxa2 36. Rxa2 Bxa2 37. Kg1 Bc4 38. Rc7 Bd3 39. d8=Q+ Kxd8
40. Rxf7 e3 41. fxe3 Bxe3+ 42. Kg2 h6 43. Kf3 Bd2 44. Rf6 c4 45. Rd6+ Kc7 46.
Rd4 Kc6 47. Rd8 0-1

[Event "Bernard Freedman mem"]
[Site "Toronto CAN"]
[Date "2002.08.12"]
[Round "1"]
[White "Henry, Liam"]
[Black "Cohen, David"]
[Result "1-0"]
[WhiteElo "1848"]
[BlackElo "1952"]
[PlyCount "69"]
[EventDate "2002.08.12"]
[EventType "tourn"]
[EventRounds "9"]
[EventCountry "CAN"]
[Source "ChessBase"]
[SourceDate "2002.11.25"]

1. e4 c5 2. Nf3 d6 3. d4 cxd4 4. Nxd4 Nf6 5. Nc3 Nc6 6. Bc4 e6 7. Bb3 Be7 8.
Be3 a6 9. O-O Bd7 10. f4 Qc7 11. f5 Nxd4 12. Bxd4 O-O 13. g4 Qc6 14. Qf3 h6 15.
h4 Nh7 16. Qg3 Bf6 17. Bxf6 Nxf6 18. Rae1 Qc5+ 19. Kg2 Qe5 20. Qxe5 dxe5 21. g5
Nh5 22. Rd1 Rad8 23. fxe6 fxe6 24. Rxd7 Nf4+ 25. Rxf4 exf4 26. Bxe6+ Kh8 27.
Nd5 Rxd7 28. Bxd7 hxg5 29. hxg5 f3+ 30. Kf2 Kh7 31. e5 Rd8 32. e6 g6 33. e7
Rxd7 34. e8=Q Rxd5 35. Qf7+ 1-0

[Event "Bernard Freedman mem"]
[Site "Toronto CAN"]
[Date "2002.08.13"]
[Round "2"]
[White "Shah, Omar"]
[Black "Henry, Liam"]
[Result "0-1"]
[WhiteElo "1989"]
[BlackElo "1848"]
[PlyCount "84"]
[EventDate "2002.08.12"]
[EventType "tourn"]
[EventRounds "9"]
[EventCountry "CAN"]
[Source "ChessBase"]
[SourceDate "2002.11.25"]

1. e4 c5 2. Nf3 d6 3. d4 cxd4 4. Nxd4 Nf6 5. Nc3 a6 6. Be3 e5 7. Nb3 Be7 8. f3
O-O 9. Qd2 Qc7 10. O-O-O Be6 11. g4 Nbd7 12. h4 b5 13. h5 b4 14. Nd5 Bxd5 15.
exd5 Rfc8 16. g5 Ne8 17. Bd3 a5 18. Rdg1 a4 19. Na1 Nc5 20. Bf5 Rcb8 21. Bxh7+
Kxh7 22. g6+ Kg8 23. h6 Bf6 24. hxg7 Bxg7 25. Qh2 Kf8 26. Qh7 Nd3+ 27. Kb1 Nf4
28. gxf7 Qxf7 29. Rg5 Nf6 30. Qh2 N6xd5 31. Bf2 Nc3+ 32. bxc3 bxc3+ 33. Kc1
Ne2+ 34. Kd1 Qd5+ 35. Kxe2 Qd2+ 36. Kf1 Rb1+ 37. Kg2 Qxg5+ 38. Bg3 Rxh1 39.
Qxh1 Kf7 40. Qf1 Qd2+ 41. Kg1 Bh6 42. Qc4+ Kf6 0-1